000 00659nam a2200217Ia 4500
003 GCL
008 140319s9999 xx 000 0 ara d
040 _aGCL /
_cGCL
082 0 4 _a320.03
_bا م
100 1 _aاحمد زكى بدوى
245 1 0 _aمعجم المصطلحات السياسية والدولية /
_cاحمد زكى بدوى
260 _a[S.N] :
_bدار الكتاب المصرى ،
_c1989
300 _a187 ص
490 _a
650 0 4 _aاللغة الفرنسية
650 0 4 _aاللغة العربية
650 0 4 _aالسياسة
650 0 4 _aالمعاجم
650 0 4 _aاللغة الانجليزية
942 _2ddc
_cBK
999 _c54268
_d54268